<?xml version="1.0" encoding="UTF-8"?>
<record
    xmlns:xsi="http://www.w3.org/2001/XMLSchema-instance"
    xsi:schemaLocation="http://www.loc.gov/MARC21/slim http://www.loc.gov/standards/marcxml/schema/MARC21slim.xsd"
    xmlns="http://www.loc.gov/MARC21/slim">

  <leader>00676nam a2200205   4500</leader>
  <controlfield tag="005">20260413152705.0</controlfield>
  <datafield tag="010" ind1=" " ind2=" ">
    <subfield code="a">ENG-148271</subfield>
  </datafield>
  <datafield tag="020" ind1=" " ind2=" ">
    <subfield code="a">9788197321429</subfield>
    <subfield code="c">1780.00</subfield>
  </datafield>
  <datafield tag="035" ind1=" " ind2=" ">
    <subfield code="a">EN-131803</subfield>
  </datafield>
  <datafield tag="037" ind1=" " ind2=" ">
    <subfield code="b">DBAD</subfield>
  </datafield>
  <datafield tag="082" ind1=" " ind2=" ">
    <subfield code="2">2024</subfield>
    <subfield code="a">302.091824</subfield>
  </datafield>
  <datafield tag="100" ind1=" " ind2=" ">
    <subfield code="a">Payl, Joshy M.</subfield>
    <subfield code="9">88892</subfield>
  </datafield>
  <datafield tag="245" ind1=" " ind2=" ">
    <subfield code="a">China's Air Power and strategies Towards the indian Ocean Region</subfield>
    <subfield code="c">Joshy M. Paul</subfield>
  </datafield>
  <datafield tag="250" ind1=" " ind2=" ">
    <subfield code="a">2024</subfield>
  </datafield>
  <datafield tag="260" ind1=" " ind2=" ">
    <subfield code="a">Daryaganj</subfield>
    <subfield code="b">kalpana Shukla</subfield>
  </datafield>
  <datafield tag="270" ind1=" " ind2=" ">
    <subfield code="a">4676/21, first floor, Ansari Road</subfield>
    <subfield code="b">New delhi</subfield>
    <subfield code="e">110002</subfield>
    <subfield code="k">1143528107</subfield>
    <subfield code="m">production@kwpub.in</subfield>
  </datafield>
  <datafield tag="300" ind1=" " ind2=" ">
    <subfield code="a">254.pg</subfield>
    <subfield code="c">23cm(hb)</subfield>
  </datafield>
  <datafield tag="700" ind1=" " ind2=" ">
    <subfield code="a">Joshy M. Paul</subfield>
    <subfield code="9">88893</subfield>
  </datafield>
  <datafield tag="942" ind1=" " ind2=" ">
    <subfield code="2">ddc</subfield>
    <subfield code="c">EN</subfield>
    <subfield code="e">2024</subfield>
    <subfield code="h">302.o91824</subfield>
    <subfield code="m">PAU</subfield>
  </datafield>
  <datafield tag="999" ind1=" " ind2=" ">
    <subfield code="c">215875</subfield>
    <subfield code="d">215875</subfield>
  </datafield>
  <datafield tag="952" ind1=" " ind2=" ">
    <subfield code="0">0</subfield>
    <subfield code="1">0</subfield>
    <subfield code="4">0</subfield>
    <subfield code="7">1</subfield>
    <subfield code="8">NFIC</subfield>
    <subfield code="a">DBAD</subfield>
    <subfield code="b">DBAD</subfield>
    <subfield code="d">2026-04-13</subfield>
    <subfield code="e">DBAD</subfield>
    <subfield code="g">1780.00</subfield>
    <subfield code="l">0</subfield>
    <subfield code="o">302.o91824 PAU</subfield>
    <subfield code="p">EN-131803</subfield>
    <subfield code="r">2026-04-13 15:29:07</subfield>
    <subfield code="t">1</subfield>
    <subfield code="v">1780.00</subfield>
    <subfield code="w">2026-04-13</subfield>
    <subfield code="y">EN</subfield>
  </datafield>
</record>
